Konkurencieschopnosť krajín BRIC a USA

Konkurencieschopnosť krajín je významným faktorom ovplyvňujúcim výkonnosť ekonomiky. Náš príspevok sa zaoberá hodnotením konkurencieschopnosti rozvojových krajín zaradených do skupiny BRIC. Konkurencieschopnosť krajín BRIC porovnávame s jednou z najrozvinutejších ekonomík sveta, s USA. Na hodnotenie...

Descrizione completa

Salvato in:
Dettagli Bibliografici
Autore principale: Kalusová, Lenka, 1987-
Altri autori: Badura, Peter, 1978-, Vadkertiová, Andrea
Natura: Capitolo di libro
Lingua:slovacco
Soggetti:
Tags: Aggiungi Tag
Nessun Tag, puoi essere il primo ad aggiungerne!!

MARC

LEADER 00000naa$a2200000$$$4500
001 0296740
005 20240502083956.8
041 0 |a slo 
044 |a CZ 
245 1 0 |a Konkurencieschopnosť krajín BRIC a USA  |c Lenka Kalusová, Peter Badura, Andrea Vadkertiová 
520 |a Konkurencieschopnosť krajín je významným faktorom ovplyvňujúcim výkonnosť ekonomiky. Náš príspevok sa zaoberá hodnotením konkurencieschopnosti rozvojových krajín zaradených do skupiny BRIC. Konkurencieschopnosť krajín BRIC porovnávame s jednou z najrozvinutejších ekonomík sveta, s USA. Na hodnotenie konkurencieschopnosti krajiny sa využíva niekoľko metód a ukazovateľov. V našom príspevku sa zameriavame na niekoľko z nich, ktoré priamo hodnotia celkovú konkurencieschopnosť (ako napr. globálny index udržateľnej konkurencieschopnosti), alebo hodnotia vybraný aspekt podstatne ovplyvňujúci konkurencieschopnosť krajiny (napr. globálny index inovácií, index vnímania korupcie ai). Zistili sme, že v rámci krajín BRIC je najkonkurencieschopnejšou ekonomikou ekonomika Číny. 
610 2 0 |a konkurencieschopnosť 
610 2 0 |a korupcia 
610 2 0 |a inovácia 
610 2 0 |a USA 
610 2 0 |a BRICS 
100 1 |a Kalusová, Lenka, 1987- 
700 1 |a Badura, Peter, 1978- 
700 1 |a Vadkertiová, Andrea